ბათუმის შოთა რუსთაველის სახელმწიფო უნივერსიტეტის ბიბლიოთეკა

Implementing Enterprise Risk Management: Case Studies and Best Practices / (ბიბ.ჩანაწერი № 55795)

000 -LEADER
fixed length control field 01201nam a2200253Ia 4500
001 - CONTROL NUMBER
control field 22892
003 - CONTROL NUMBER IDENTIFIER
control field GE_BSU
005 - DATE AND TIME OF LATEST TRANSACTION
control field 20190709165056.0
008 - FIXED-LENGTH DATA ELEMENTS--GENERAL INFORMATION
fixed length control field 181216s2015||||en |||||||||||||| ||enk||
020 ## - INTERNATIONAL STANDARD BOOK NUMBER
International Standard Book Number 9781118691960 (Hardcover)
041 ## - LANGUAGE CODE
Language code of text/sound track or separate title enk
080 ## - UNIVERSAL DECIMAL CLASSIFICATION NUMBER
Universal Decimal Classification number 339:005 I-56
245 ## - TITLE STATEMENT
Title Implementing Enterprise Risk Management: Case Studies and Best Practices /
Remainder of title Editors : John Fraser; Betty Simkins; Kristina Narvaez.
264 ## - PRODUCTION, PUBLICATION, DISTRIBUTION, MANUFACTURE, AND COPYRIGHT NOTICE
Place of production, publication, distribution, manufacture New Jersey :
Name of producer, publisher, distributor, manufacturer WILEY,
Date of production, publication, distribution, manufacture, or copyright notice 2015.
300 ## - PHYSICAL DESCRIPTION
Extent 673 p .:
Other physical details ill;
Dimensions 26 cm.
Accompanying material INDEX p.651-673;
440 ## - SERIES STATEMENT/ADDED ENTRY--TITLE
Title (Robert W. Kolb Series)
9 (RLIN) 3180
653 ## - INDEX TERM--UNCONTROLLED
keyword Implementing Enterprise Risk Management: Case Studies and Best Practices
653 ## - INDEX TERM--UNCONTROLLED
keyword ეკონომიკა,მენეჯმენტი
653 ## - INDEX TERM--UNCONTROLLED
keyword საწარმოო რისკების მართვის განმახორციელებელი: საქმის შესწავლა და საუკეთესო პრაქტიკა
700 ## - ADDED ENTRY--PERSONAL NAME
Personal name Fraser, John
Relator term რედაქტორი
9 (RLIN) 3177
700 ## - ADDED ENTRY--PERSONAL NAME
Personal name Simkins, Betty
Relator term რედაქტორი
9 (RLIN) 3178
700 ## - ADDED ENTRY--PERSONAL NAME
Personal name Narvaez, Kristina
Relator term რედაქტორი
9 (RLIN) 3179
942 ## - ADDED ENTRY ELEMENTS (KOHA)
Koha item type წიგნი
Source of classification or shelving scheme
ეგზემპლარები
Withdrawn status Lost status Source of classification or shelving scheme Damaged status Not for loan Permanent Location Current Location Shelving location Date acquired Cost, normal purchase price Full call number Barcode Date last seen Copy number Price effective from Koha item type Public note
          ბათუმის შოთა რუსთაველის სახელმწიფო უნივერსიტეტის მთავარი ბიბლიოთეკა ბათუმის შოთა რუსთაველის სახელმწიფო უნივერსიტეტის მთავარი ბიბლიოთეკა წიგნსაცავი 2018-12-17 222.00 339:005 I-56 58350 2018-12-17 58350 2018-12-17 წიგნი 222 gel.